000 00302nam a22001337a 4500
008 171031b xxu||||| |||| 00| 0 eng d
020 _a9781558503557
041 _aeng
080 _a33
100 _a58
101 _aBUS
245 _aTHE SMALL BUSINESS VALUATION BOOK
_cTULLER,L.W
942 _2udc
_cBK
999 _c36648
_d36648